• 首页
  • 本馆介绍
  • 公告通知
  • 最新文献
  • 馆藏检索
  • 电子资源
  • 读者导购
  • 参考咨询
  • 我的图书馆
  • 登录
  • 详细信息显示
  • 放入我的书架
  • 预约/预借图书
  • 作者相关作品
  • 分类相关作品
  • 丛书相关作品
  • 出版社相关作品

书目信息

  • 表格格式
  • 工作单格式
  • 卡片格式
题名:
尼采
    
 
作者: 周国平 著
分册:  
出版信息: 北京   新世界出版社  2008
页数: 233页
开本: 23cm
丛书名: 新世界文库
单 册:
中图分类: B516.47
科图分类:
主题词: 哲学思想
电子资源:
ISBN: 978-7-80228-684-9
000 01005oam2 2200289 45
001 1029906597
005 20100428142321.92
010    @a978-7-80228-684-9@dCNY29.80
100    @a20100420d2008 em y0chiy0110 ea
101 0  @achi
102    @aCN@b110000
105    @ay z 000yy
106    @ar
200 1  @a尼采@ANi Cai@e世纪的转折点上@EShi Ji De Zhuan Zhe Dian Shang@f周国平著@FZhou Guo Ping Zhu
210    @a北京@c新世界出版社@d2008
215    @a233页@d23cm
225 2  @a新世界文库
300    @a周国平出版二十周年纪念版
330    @a本书介绍了尼采的哲学思想,包括我的时代还没有到来、在人生之画面前、从酒神精神到强力意志、“自我”的发现、向理性挑战等。
461  0 @12001 @a新世界文库
600  0 @a尼采@g(Nietzsche, Friedrich Wilhelm@f1844~1900)@x哲学思想@x研究
600  0 @a尼采@g(Nietzsche, Friedrich Wilhelm@f1844~1900)
606 0  @a哲学思想
690    @aB516.47@v4
701  0 @a周国平@AZhou Guo Ping@4著
801  0 @aCN@bTANGWEI@c20100428
905    @b0594083-87@dB516.47@e134@f5
    
    尼采:世纪的转折点上/周国平著.-北京:新世界出版社,2008
    233页;23cm.-(新世界文库)
    周国平出版二十周年纪念版
    
    ISBN 978-7-80228-684-9:CNY29.80
    本书介绍了尼采的哲学思想,包括我的时代还没有到来、在人生之画面前、从酒神精神到强力意志、“自我”的发现、向理性挑战等。
●
相关链接 在E读中查询图书 在五车中查询图书 在当当中查询图书 在豆瓣中查询图书


正题名:尼采     索取号:B516.47/134         预约/预借

序号 登录号 条形码 馆藏地/架位号 状态 备注
1 0594083   205940838   第一样本阅览室/ [索取号:B516.47/134] 在馆    
2 0594084   205940847   第一借阅区/ [索取号:B516.47/134] 在馆    
3 0594085   205940856   第一借阅区/ [索取号:B516.47/134] 在馆    
4 0594086   205940865   第一借阅区/ [索取号:B516.47/134] 在馆    
5 0594087   205940874   第一借阅区/ [索取号:B516.47/134] 在馆    
唐山师范学院图书馆 欢迎您!
大连网信软件有限公司© 版权所有